000 00292cam a2200133ua 4500
041 _aeng
_h
082 _a828.09
_bCAR/CA
100 _aCaryle, Themas .
245 _aCarlyle Essays /
_cCarlyle.
_hTextual Documents
300 _a339 ; .
504 _a
942 _cBK
999 _c11994
_d11994